|
|
|
|
| LEADER |
00000nab a2200000 a 4500 |
| 001 |
vtls000802762 |
| 003 |
SK-MaSNL |
| 005 |
20260302151351.0 |
| 008 |
160322c2002 xo 0 slo |
| 015 |
|
|
|a SNBRB2002/08-24134
|
| 035 |
|
|
|a CLN000154417
|
| 040 |
|
|
|a SNKBUCL
|b slo
|c SNKBUCL
|e AACR2
|
| 041 |
0 |
|
|a slo
|
| 044 |
|
|
|a xo
|c SK
|
| 080 |
|
|
|a 792.071.2
|2 UDC-MRF-SK2
|
| 080 |
|
|
|a 791.44.071.2
|2 UDC-MRF-SK2
|
| 080 |
|
|
|a 929 Vajda, Jozef
|2 UDC-MRF-SK2
|
| 100 |
1 |
|
|a Skalová, Angela
|4 ain
|9 842805
|
| 245 |
1 |
0 |
|a Celý život bojujem sám so sebou
|c Angela Skalová, Jozef Vajda
|
| 600 |
1 |
7 |
|a Vajda, Jozef,
|d 1955-
|2 snkbucl
|9 110510
|
| 655 |
|
7 |
|a články z novín a časopisov
|2 snkbucl
|9 267496
|
| 700 |
1 |
|
|a Vajda, Jozef,
|d 1955-
|4 aut
|4 uin
|9 110510
|
| 773 |
0 |
|
|x 1335-4671
|t Národná obroda
|g Roč. 13, č. 154 (4.7.2002)
|
| 773 |
0 |
|
|x 1335-4671
|t [Príl.] Štýl
|g Roč. 6, s. [I] a II
|
| 850 |
|
|
|a Slovenská národná knižnica v Martine
|
| 852 |
|
|
|a SNK
|b KIS3GCP
|
| 958 |
|
|
|a SK
|
| 958 |
|
|
|a BX
|
| 958 |
|
|
|a RBX
|
| 999 |
|
|
|c 1359645
|d 1361575
|